[Event "32nd GER-ch Seniors-65 2020"]
[Site "Magdeburg"]
[Date "2020.08.14"]
[Round "1.1"]
[White "Bondick, Karl-Heinz"]
[Black "Boidman, Yuri"]
[Result "1/2-1/2"]
[WhiteElo "1902"]
[BlackElo "2328"]
[Annotator "ChessBase"]
[PlyCount "88"]
[EventDate "2020.08.14"]
[EventType "swiss"]
[EventCountry "GER"]
[SourceTitle "playchess.com"]
[Source "ChessBase"]
[SourceQuality "1"]
[TimeControl "40/5400+30:1800+30"]

1. d4 {[%emt 0:00:00]} d5 {[%emt 0:00:00]} 2. e4 {[%emt 0:00:00]} dxe4 {[%emt 0:00:59]} 3. Nc3 {[%emt 0:00:00]} Nf6 {[%emt 0:01:21]} 4. f3 {[%emt 0:00:00]} exf3 {[%emt 0:01:48]} 5. Nxf3 {[%emt 0:00:00]} e6 {[%emt 0:01:37]} 6. Bg5 {[%emt 0:00:28]} Be7 {[%emt 0:00:57]} 7. Bd3 {[%emt 0:00:03]} Nbd7 {[%emt 0:02:46]} 8. Qe2 {[%emt 0:00:04]} O-O {[%emt 0:01:40]} 9. O-O-O {[%emt 0:00:04]} Nd5 {[%emt 0:06:38]} 10. Bd2 {[%emt 0:00:09]} Nxc3 {[%emt 0:05:16]} 11. Bxc3 {[%emt 0:00:07]} Nf6 {[%emt 0:00:43]} 12. Bd2 {[%emt 0:06:52]} b6 {[%emt 0:03:44]} 13. g4 {[%emt 0:01:54]} Bb7 {[%emt 0:07:42]} 14. Rhg1 {[%emt 0:04:08]} Qd5 {[%emt 0:02:17]} 15. Ne5 {[%emt 0:02:47]} Qxa2 {[%emt 0:02:22]} 16. c3 {[%emt 0:02:08]} g6 {[%emt 0:13:15]} 17. Rdf1 {[%emt 0:05:14]} c5 {[%emt 0:04:56]} 18. dxc5 {[%emt 0:14:27]} bxc5 {[%emt 0:00:09]} 19. Bh6 {[%emt 0:02:38]} c4 {[%emt 0:07:57]} 20. Bb1 {[%emt 0:03:36]} Qa1 {[%emt 0:00:51]} 21. Rxf6 {[%emt 0:01:18]} Bxf6 {[%emt 0:01:01]} 22. Nd7 {[%emt 0:00:11]} Bg7 {[%emt 0:17:50]} 23. Bxg7 {[%emt 0:06:38]} Rfd8 {[%emt 0:07:07]} 24. Bh6 {[%emt 0:04:55]} Rxd7 {[%emt 0:01:06]} 25. Qe5 {[%emt 0:00:15]} f6 {[%emt 0:00:23]} 26. Qxe6+ {[%emt 0:00:42]} Rf7 {[%emt 0:00:34]} 27. Rd1 {[%emt 0:02:17]} Qa6 {[%emt 0:03:25]} 28. Rd6 {[%emt 0:06:12]} Qb5 {[%emt 0:00:14]} 29. Ba2 {[%emt 0:01:02]} Re8 {[%emt 0:03:33]} 30. Qxc4 {[%emt 0:02:18]} Qxc4 {[%emt 0:00:46]} 31. Bxc4 Bc8 {[%emt 0:00:57]} 32. Rxf6 {[%emt 0:01:48]} Ree7 {[%emt 0:00:01]} 33. Rxf7 {[%emt 0:01:05]} Rxf7 {[%emt 0:00:01]} 34. h3 Bb7 35. Be3 {[%emt 0:01:53]} Kg7 {[%emt 0:01:36]} 36. Bxf7 Kxf7 37. Bxa7 g5 38. Kd2 Bg2 39. Ke3 Bxh3 40. Kf3 Bf1 41. b3 Bd3 42. Bd4 Bc2 43. b4 Bd1+ 44. Kg3 Be2 1/2-1/2

[Event "32nd GER-ch Seniors-65 2020"]
[Site "Magdeburg"]
[Date "2020.08.14"]
[Round "1.2"]
[White "Khanukov, Boris"]
[Black "Lehr, Thomas"]
[Result "1-0"]
[WhiteElo "2291"]
[BlackElo "1893"]
[Annotator "TA"]
[PlyCount "41"]
[EventDate "2020.08.14"]
[EventType "swiss"]
[EventCountry "GER"]
[SourceTitle "playchess.com"]
[Source "ChessBase"]
[SourceQuality "1"]

{[%evp 18,41,12,3,29,17,17,-20,22,8,37,31,64,68,123,144,182,87,91,95,293,274,327,331,337,337]} 1. Nf3 d5 2. g3 Bg4 3. Bg2 Nd7 4. d4 c6 5. Nbd2 Ngf6 6. O-O e6 7. b3 Bd6 8. Bb2 O-O 9. Ne5 Bf5 10. Re1 {[#]} Qa5 $146 {A07: Réti Opening: New York and Capablanca Systems.} ({Predecessor:} 10... Qc7 11. Nxd7 Qxd7 12. f3 Qe7 13. e4 dxe4 14. Nxe4 Bxe4 15. fxe4 e5 16. c3 Ba3 17. Bxa3 Qxa3 18. Qc2 a5 19. Rad1 Rad8 20. h3 Qe7 {½-½ (20) Teixeira,R (2239)-Rodi,L (2328) Rio de Janeiro 2018}) 11. a3 Rad8 12. c4 Qc7 {[%cal Rd6e5] The position is equal.} (12... Bxe5 $5 13. dxe5 Ng4 $14) 13. f4 c5 14. e3 h6 15. Rc1 Qb8 (15... b6 $14) 16. Nxd7 Rxd7 {[#]} 17. dxc5 (17. cxd5 $1 $18 Bg4 18. Qc2 cxd4 19. e4 (19. Bxd4 Bxa3 20. Ra1 Bb4 $14) (19. exd4 Rc7 $11)) 17... Bxc5 $16 18. cxd5 Qd6 $2 (18... Bg4 $16 19. Qc2 Rc8) 19. b4 $18 {White has a decisive advantage.} Bxe3+ 20. Rxe3 Nxd5 21. Nc4 {Accuracy: White = 69%, Black = 24%.} 1-0

[Event "32nd GER-ch Seniors-65 2020"]
[Site "Magdeburg"]
[Date "2020.08.14"]
[Round "1.3"]
[White "Meinke, Dietlind"]
[Black "Buchal, Stephan"]
[Result "0-1"]
[WhiteElo "1888"]
[BlackElo "2280"]
[Annotator "ChessBase"]
[PlyCount "43"]
[EventDate "2020.08.14"]
[EventType "swiss"]
[EventCountry "GER"]
[SourceTitle "playchess.com"]
[Source "ChessBase"]
[SourceQuality "1"]
[TimeControl "40/5400+30:1800+30"]

1. e4 {[%emt 0:00:00]} g6 {[%emt 0:00:00]} 2. Nc3 {[%emt 0:00:00]} Bg7 {[%emt 0:00:00]} 3. Bc4 {[%emt 0:01:56]} c5 {[%emt 0:01:52]} 4. f4 {[%emt 0:00:18]} Nc6 {[%emt 0:01:58]} 5. d3 {[%emt 0:03:29]} e6 {[%emt 0:03:53]} 6. Nf3 {[%emt 0:00:06]} Nge7 {[%emt 0:01:53]} 7. Bb3 {[%emt 0:03:39]} d5 {[%emt 0:06:09]} 8. O-O {[%emt 0:02:53]} O-O {[%emt 0:00:33]} 9. Qe1 {[%emt 0:02:11]} Na5 {[%emt 0:06:09]} 10. exd5 {[%emt 0:18:10]} Nxb3 {[%emt 0:00:27]} 11. axb3 {[%emt 0:00:09]} Nxd5 {[%emt 0:07:30]} 12. Nxd5 {[%emt 0:04:33]} Qxd5 {[%emt 0:09:56]} 13. Qe4 {[%emt 0:04:25]} b6 {[%emt 0:26:16]} 14. Re1 {[%emt 0:17:56]} Bb7 {[%emt 0:01:55]} 15. Qxd5 {[%emt 0:07:01]} Bxd5 {[%emt 0:01:07]} 16. Kf2 {[%emt 0:02:44]} Rfd8 {[%emt 0:02:12]} 17. Rb1 {[%emt 0:00:58]} a5 {[%emt 0:02:27]} 18. Bd2 {[%emt 0:01:00]} a4 {[%emt 0:00:28]} 19. c4 {[%emt 0:11:46]} Bxf3 {[%emt 0:00:29]} 20. Kxf3 {[%emt 0:00:04]} Rxd3+ {[%emt 0:00:16]} 21. Ke2 Rxb3 22. Bc3 0-1

[Event "32nd GER-ch Seniors-65 2020"]
[Site "Magdeburg"]
[Date "2020.08.14"]
[Round "1.4"]
[White "Postler, Reinhard"]
[Black "Hilbig, Dieter"]
[Result "1/2-1/2"]
[WhiteElo "2238"]
[BlackElo "1884"]
[Annotator "TA"]
[PlyCount "48"]
[EventDate "2020.08.14"]
[EventType "swiss"]
[EventCountry "GER"]
[SourceTitle "playchess.com"]
[Source "ChessBase"]
[SourceQuality "1"]

{[%evp 13,48,17,33,0,63,25,29,26,23,29,24,29,35,-8,85,76,77,72,95,81,107,95,93,68,93,24,35,12,13,13,14,0,5,0,90,0,6]} 1. e4 c5 2. Nf3 Nc6 3. d4 cxd4 4. Nxd4 e5 5. Nb5 d6 6. N1c3 a6 7. Na3 Be7 8. Nd5 {B32: Sicilian: Löwenthal and Kalashnikov Variations.} Be6 (8... Nf6 $11) 9. Be3 Bxd5 10. exd5 {White has an edge.} Nb8 11. Nc4 Nd7 12. a4 {[%cal Ba2a4,Ba4a5][%mdl 32]} f5 {[#]} 13. f4 $146 ({Predecessor:} 13. f3 Ngf6 14. a5 O-O 15. Ra3 Rc8 16. g3 Qe8 17. Rb3 Rc7 18. Nb6 f4 19. Nxd7 Nxd7 {0-1 (41) Go,B (2164)-Ikonnikov,V (2537) Dieren 2012}) 13... e4 (13... Ngf6 $11) 14. a5 $16 Ngf6 15. Be2 h5 16. O-O Kf7 17. Nb6 Rb8 18. c4 g6 19. Qb3 (19. h3 $16) 19... Nc5 $11 20. Qc3 Ng4 {Strongly threatening ...Bf6.} 21. Bd4 {[#] b4 is the strong threat.} Bf6 {Threatens to win with ...Bxd4+.} 22. Bxf6 Qxf6 23. Ra3 Rhe8 (23... Qh4 $11 {remains equal.} 24. Qh3 Qf6) 24. Qxf6+ (24. b4 $16 Nd3 25. h3 (25. Bxd3 exd3 26. Qxf6+ Nxf6 $14)) 24... Nxf6 {Accuracy: White = 60%, Black = 51%.} 1/2-1/2

[Event "32nd GER-ch Seniors-65 2020"]
[Site "Magdeburg"]
[Date "2020.08.14"]
[Round "1.5"]
[White "Hoehne, Peter"]
[Black "Dresen, Ulrich"]
[Result "0-1"]
[WhiteElo "2020"]
[BlackElo "2230"]
[Annotator "TA"]
[PlyCount "48"]
[EventDate "2020.08.14"]
[EventType "swiss"]
[EventCountry "GER"]
[SourceTitle "playchess.com"]
[Source "ChessBase"]
[SourceQuality "1"]

{[%evp 9,48,-48,-8,-23,-18,-30,-34,-14,-14,-58,-37,-48,0,-112,-77,-139,-140,-146,-161,-186,-183,-205,-204,-322,-319,-358,-354,-401,-381,-702,-694,-1271,-1245,-6836,-4156,-29990,-5390,-3230,-3264,-29994,-29995]} 1. e4 e5 2. f4 d5 3. exd5 exf4 4. Qf3 Nf6 5. Bb5+ Nbd7 6. d4 {C33: King's Gambit Accepted: 3 Nc3 and 3 Bc4.} Bd6 7. Ne2 O-O $1 {[#]} 8. O-O $146 {Black is slightly better.} ({Predecessor:} 8. Nbc3 g5 9. Bd2 Nb6 10. h3 Bf5 11. O-O-O Bg6 12. Rdf1 Nbxd5 13. g3 Nxc3 14. Nxc3 {1-0 (58) Gongora Montes,B (2251)-Ossa,O (2301) San Jose 2009}) 8... Nb6 9. Nbc3 Bg4 10. Qf2 $1 Nfxd5 11. Ne4 (11. Nxf4 $11 {remains equal.} Nxc3 12. bxc3) 11... Ne3 (11... g5 {feels hotter.} 12. Bd2 c6 13. Bd3 Re8 14. Nxd6 Qxd6 15. Nc3 Nf6) 12. Nxf4 ({White should try} 12. Nxd6 Nxf1 13. Nxb7) 12... Nxf1 $17 13. Bxf1 Be7 14. h3 Bf5 15. Ng3 Bh4 16. Nfh5 (16. c3 $142) 16... Bg6 $19 {[#] Threatens to win with ...Bxh5.} 17. Qf4 Nd5 {[%cal Bb6d5,Bd5f6,Bf6h5,Bh5g3][%mdl 32]} 18. Qe5 {[%csl Gh5][%cal Re5g7]} Nf6 19. Bc4 $2 (19. c3) 19... Re8 20. Qf4 Re1+ 21. Kf2 Nxh5 22. Qf3 Bxg3+ (22... Qxd4+ $142 23. Be3 Rxe3 24. Qxe3 Bxg3+ 25. Kg1 Qxe3+ 26. Kh1 {[#]} Be4 $1 {[%mdl 512]} 27. Rf1 Bf2 28. Bxf7+ Kxf7 29. Rxf2+ Qxf2 {[%mdl 64] Double Attack} 30. Kh2 Qxg2#) 23. Qxg3 Nxg3 24. Kxe1 Qxd4 {Accuracy: White = 27%, Black = 88%.} 0-1

[Event "32nd GER-ch Seniors-65 2020"]
[Site "Magdeburg"]
[Date "2020.08.14"]
[Round "1.6"]
[White "Kierzek, Matthias"]
[Black "Schubert, Hans Joachim"]
[Result "1-0"]
[WhiteElo "2228"]
[BlackElo "2064"]
[Annotator "ChessBase"]
[PlyCount "76"]
[EventDate "2020.08.14"]
[EventType "swiss"]
[EventCountry "GER"]
[SourceTitle "playchess.com"]
[Source "ChessBase"]
[SourceQuality "1"]
[TimeControl "40/5400+30:1800+30"]

1. d4 {[%emt 0:00:00]} f5 {[%emt 0:00:00]} 2. Bg5 {[%emt 0:00:00]} c5 {[%emt 0:00:00]} 3. dxc5 {[%emt 0:00:05]} Qa5+ {[%emt 0:00:00]} 4. Nc3 {[%emt 0:01:05]} Qxc5 {[%emt 0:00:00]} 5. Nf3 {[%emt 0:01:00]} Nc6 {[%emt 0:01:20]} 6. e4 {[%emt 0:01:45]} fxe4 {[%emt 0:01:02]} 7. Nxe4 {[%emt 0:00:09]} Qb4+ {[%emt 0:00:06]} 8. Ned2 {[%emt 0:08:33]} Qxb2 {[%emt 0:08:43]} 9. Bd3 {[%emt 0:03:56]} Nb4 {[%emt 0:02:15]} 10. O-O {[%emt 0:00:33]} Nxd3 {[%emt 0:00:19]} 11. cxd3 {[%emt 0:00:03]} Nf6 {[%emt 0:03:49]} 12. Nc4 {[%emt 0:01:31]} Qc3 {[%emt 0:02:43]} 13. Re1 {[%emt 0:03:00]} e6 {[%emt 0:01:37]} 14. a3 {[%emt 0:04:58]} b5 {[%emt 0:06:26]} 15. Rc1 {[%emt 0:00:34]} Qxe1+ {[%emt 0:00:29]} 16. Nxe1 {[%emt 0:04:10]} bxc4 {[%emt 0:00:07]} 17. Bxf6 {[%emt 0:00:14]} gxf6 {[%emt 0:00:24]} 18. Qh5+ {[%emt 0:00:17]} Ke7 {[%emt 0:02:51]} 19. dxc4 {[%emt 0:02:08]} Bb7 {[%emt 0:00:47]} 20. Nd3 {[%emt 0:03:33]} Rc8 {[%emt 0:04:49]} 21. g3 {[%emt 0:04:11]} Be4 {[%emt 0:04:05]} 22. Nf4 {[%emt 0:05:39]} e5 {[%emt 0:05:32]} 23. Ng2 {[%emt 0:11:10]} Rg8 {[%emt 0:11:21]} 24. Ne3 {[%emt 0:01:37]} Rg5 {[%emt 0:00:38]} 25. Qd1 {[%emt 0:01:13]} Bc6 {[%emt 0:02:35]} 26. h4 {[%emt 0:04:34]} Rg8 {[%emt 0:00:48]} 27. Qh5 {[%emt 0:00:37]} Be4 {[%emt 0:00:58]} 28. Nf5+ {[%emt 0:00:57]} Ke6 {[%emt 0:02:37]} 29. Qxh7 {[%emt 0:04:02]} Bxa3 {[%emt 0:01:42]} 30. Nd4+ {[%emt 0:00:51]} Kd6 {[%emt 0:04:08]} 31. Nb5+ {[%emt 0:11:23]} Ke6 {[%emt 0:03:04]} 32. Qxe4 {[%emt 0:00:18]} Bxc1 {[%emt 0:01:40]} 33. Qd5+ {[%emt 0:00:13]} Ke7 {[%emt 0:02:24]} 34. Nd6 {[%emt 0:03:32]} Rcf8 {[%emt 0:02:27]} 35. Nf5+ {[%emt 0:00:19]} Ke8 {[%emt 0:01:32]} 36. Qd6 {[%emt 0:00:33]} Kf7 {[%emt 0:01:22]} 37. h5 {[%emt 0:04:14]} Rg5 {[%emt 0:02:12]} 38. Qe7+ {[%emt 0:00:53]} Kg8 1-0

[Event "32nd GER-ch Seniors-65 2020"]
[Site "Magdeburg"]
[Date "2020.08.14"]
[Round "1.7"]
[White "Krotofil, Kurt"]
[Black "Syre, Christian"]
[Result "0-1"]
[WhiteElo "1880"]
[BlackElo "2222"]
[Annotator "ChessBase"]
[PlyCount "63"]
[EventDate "2020.08.14"]
[EventType "swiss"]
[EventCountry "GER"]
[SourceTitle "playchess.com"]
[Source "ChessBase"]
[SourceQuality "1"]
[TimeControl "40/5400+30:1800+30"]

1. d4 {[%emt 0:00:00]} Nf6 {[%emt 0:00:19]} 2. c4 {[%emt 0:00:00]} c5 {[%emt 0:01:05]} 3. d5 {[%emt 0:00:02]} b5 {[%emt 0:00:17]} 4. cxb5 {[%emt 0:00:43]} a6 {[%emt 0:00:04]} 5. bxa6 {[%emt 0:03:01]} g6 {[%emt 0:01:28]} 6. Nc3 {[%emt 0:01:09]} Bxa6 {[%emt 0:01:48]} 7. Nf3 {[%emt 0:00:47]} Bg7 {[%emt 0:00:10]} 8. g3 {[%emt 0:01:05]} d6 {[%emt 0:01:10]} 9. Bg2 {[%emt 0:00:18]} Nbd7 {[%emt 0:00:17]} 10. O-O {[%emt 0:00:33]} O-O {[%emt 0:00:03]} 11. Qc2 {[%emt 0:02:52]} Qa5 {[%emt 0:17:30]} 12. Bd2 {[%emt 0:04:31]} Rfb8 {[%emt 0:00:11]} 13. Rfe1 {[%emt 0:04:25]} Qb6 {[%emt 0:24:11]} 14. b3 {[%emt 0:03:50]} Qb7 {[%emt 0:02:53]} 15. e4 {[%emt 0:02:10]} Ng4 {[%emt 0:00:31]} 16. h3 {[%emt 0:05:25]} Nge5 {[%emt 0:00:13]} 17. Nxe5 {[%emt 0:00:29]} Nxe5 {[%emt 0:00:46]} 18. Re3 {[%emt 0:07:22]} Qa7 {[%emt 0:07:33]} 19. f4 {[%emt 0:06:14]} Nd3 {[%emt 0:03:47]} 20. e5 {[%emt 0:17:33]} c4 {[%emt 0:00:42]} 21. bxc4 {[%emt 0:01:52]} Bxc4 {[%emt 0:09:56]} 22. Nd1 {[%emt 0:04:58]} Rc8 {[%emt 0:06:56]} 23. Kh2 {[%emt 0:02:07]} dxe5 {[%emt 0:03:10]} 24. d6 {[%emt 0:03:20]} e4 {[%emt 0:07:48]} 25. Rb1 {[%emt 0:12:07]} Bxa2 {[%emt 0:02:23]} 26. Nc3 {[%emt 0:02:44]} Bxb1 {[%emt 0:00:20]} 27. Qxb1 {[%emt 0:00:26]} Bxc3 {[%emt 0:01:41]} 28. Bxe4 {[%emt 0:01:28]} Bxd2 {[%emt 0:00:55]} 29. Rxd3 {[%emt 0:00:17]} Qf2+ {[%emt 0:01:21]} 30. Bg2 {[%emt 0:00:32]} exd6 {[%emt 0:02:09]} 31. Qb2 {[%emt 0:00:57]} Qa7 32. Re3 0-1

[Event "32nd GER-ch Seniors-65 2020"]
[Site "Magdeburg"]
[Date "2020.08.14"]
[Round "1.8"]
[White "Gruzmann, Boris"]
[Black "Wolter, Guenter"]
[Result "0-1"]
[WhiteElo "2212"]
[BlackElo "1875"]
[Annotator "ChessBase"]
[PlyCount "96"]
[EventDate "2020.08.14"]
[EventType "swiss"]
[EventCountry "GER"]
[SourceTitle "playchess.com"]
[Source "ChessBase"]
[SourceQuality "1"]
[TimeControl "40/5400+30:1800+30"]

1. e4 {[%emt 0:00:00]} d5 {[%emt 0:00:00]} 2. exd5 {[%emt 0:00:00]} Nf6 {[%emt 0:00:00]} 3. Bb5+ {[%emt 0:00:19]} Bd7 {[%emt 0:00:31]} 4. Bc4 {[%emt 0:00:13]} g6 {[%emt 0:03:32]} 5. Nc3 {[%emt 0:00:40]} Bg7 {[%emt 0:00:26]} 6. d4 {[%emt 0:00:38]} O-O {[%emt 0:00:21]} 7. h4 {[%emt 0:02:00]} h6 {[%emt 0:01:35]} 8. Bf4 {[%emt 0:01:14]} c6 {[%emt 0:03:06]} 9. dxc6 {[%emt 0:04:43]} Nxc6 {[%emt 0:01:01]} 10. Qd2 {[%emt 0:00:21]} h5 {[%emt 0:04:13]} 11. O-O-O {[%emt 0:00:55]} Bf5 {[%emt 0:02:53]} 12. Nge2 {[%emt 0:01:10]} Nb4 {[%emt 0:05:19]} 13. Bb3 {[%emt 0:00:27]} Rc8 {[%emt 0:01:02]} 14. Ng3 {[%emt 0:01:47]} Qd7 {[%emt 0:04:45]} 15. d5 {[%emt 0:17:16]} a5 {[%emt 0:05:51]} 16. Nxf5 {[%emt 0:11:36]} Qxf5 {[%emt 0:00:31]} 17. a3 {[%emt 0:08:06]} Na6 {[%emt 0:04:10]} 18. Rhe1 {[%emt 0:01:56]} Nc5 {[%emt 0:06:12]} 19. Re5 {[%emt 0:02:53]} Nxb3+ {[%emt 0:02:02]} 20. cxb3 {[%emt 0:00:12]} Qd7 {[%emt 0:00:57]} 21. d6 {[%emt 0:03:36]} e6 {[%emt 0:02:26]} 22. Rxa5 {[%emt 0:02:51]} Nd5 {[%emt 0:00:59]} 23. Rxd5 {[%emt 0:03:32]} exd5 {[%emt 0:00:47]} 24. Kb1 {[%emt 0:02:13]} d4 {[%emt 0:05:05]} 25. Ne2 {[%emt 0:01:50]} Rfe8 {[%emt 0:07:00]} 26. Qd3 {[%emt 0:05:23]} Be5 {[%emt 0:05:53]} 27. Bxe5 {[%emt 0:09:49]} Rxe5 {[%emt 0:00:10]} 28. Nxd4 {[%emt 0:00:16]} Rd5 {[%emt 0:00:32]} 29. Ka2 {[%emt 0:12:32]} Qxd6 {[%emt 0:01:37]} 30. Nf5 {[%emt 0:00:11]} Rxd3 {[%emt 0:01:15]} 31. Nxd6 {[%emt 0:00:08]} Rxd1 {[%emt 0:00:05]} 32. Nxc8 {[%emt 0:00:08]} Rd2 {[%emt 0:00:14]} 33. a4 {[%emt 0:01:23]} Kf8 {[%emt 0:01:14]} 34. a5 {[%emt 0:01:34]} Ke8 {[%emt 0:00:47]} 35. b4 {[%emt 0:00:42]} Kd8 {[%emt 0:00:35]} 36. Nb6 {[%emt 0:00:59]} Rxf2 {[%emt 0:00:27]} 37. Nc4 {[%emt 0:00:58]} Kc7 {[%emt 0:01:39]} 38. Ne3 {[%emt 0:00:34]} Re2 {[%emt 0:01:22]} 39. Nd5+ {[%emt 0:00:23]} Kd6 {[%emt 0:00:36]} 40. Nc3 {[%emt 0:00:57]} Rxg2 {[%emt 0:01:20]} 41. Kb3 {[%emt 0:33:07]} Rg3 {[%emt 0:33:12]} 42. Ka4 {[%emt 0:00:00]} Rxc3 {[%emt 0:00:00]} 43. bxc3 {[%emt 0:00:00]} g5 {[%emt 0:00:00]} 44. a6 {[%emt 0:00:00]} bxa6 {[%emt 0:00:00]} 45. Ka5 {[%emt 0:00:00]} gxh4 {[%emt 0:00:00]} 46. Kb6 {[%emt 0:00:00]} h3 {[%emt 0:00:00]} 47. c4 {[%emt 0:00:00]} h2 {[%emt 0:00:00]} 48. c5+ {[%emt 0:00:00]} Kd7 {[%emt 0:00:00]} 0-1

[Event "32nd GER-ch Seniors-65 2020"]
[Site "Magdeburg"]
[Date "2020.08.14"]
[Round "1.9"]
[White "Hansch, Klaus-Michael"]
[Black "Szenetra, Werner"]
[Result "0-1"]
[WhiteElo "1873"]
[BlackElo "2190"]
[Annotator "ChessBase"]
[PlyCount "48"]
[EventDate "2020.08.14"]
[EventType "swiss"]
[EventCountry "GER"]
[SourceTitle "playchess.com"]
[Source "ChessBase"]
[SourceQuality "1"]
[TimeControl "40/5400+30:1800+30"]

1. e4 {[%emt 0:00:00]} g6 {[%emt 0:00:05]} 2. d4 {[%emt 0:00:20]} Bg7 {[%emt 0:00:07]} 3. Nc3 {[%emt 0:00:13]} d6 {[%emt 0:00:09]} 4. Bg5 {[%emt 0:01:25]} a6 {[%emt 0:00:24]} 5. Nf3 {[%emt 0:01:48]} b5 {[%emt 0:02:37]} 6. a3 {[%emt 0:01:11]} Bb7 {[%emt 0:02:34]} 7. Be2 {[%emt 0:00:47]} Nd7 {[%emt 0:01:34]} 8. O-O {[%emt 0:00:22]} c5 {[%emt 0:02:29]} 9. Re1 {[%emt 0:09:34]} h6 {[%emt 0:02:52]} 10. Bf4 {[%emt 0:02:02]} cxd4 {[%emt 0:00:30]} 11. Nd5 {[%emt 0:08:51]} e5 {[%emt 0:04:21]} 12. Bg3 {[%emt 0:00:43]} f5 {[%emt 0:03:54]} 13. Nh4 {[%emt 0:15:38]} Bxd5 {[%emt 0:06:10]} 14. exd5 Ne7 15. f4 {[%emt 0:06:17]} e4 {[%emt 0:22:03]} 16. Bf2 {[%emt 0:07:54]} g5 {[%emt 0:08:13]} 17. Bh5+ {[%emt 0:05:39]} Kf8 {[%emt 0:00:37]} 18. fxg5 {[%emt 0:03:52]} hxg5 {[%emt 0:01:01]} 19. Ng6+ {[%emt 0:07:24]} Nxg6 {[%emt 0:00:23]} 20. Bxg6 {[%emt 0:00:05]} Qf6 {[%emt 0:00:25]} 21. Bh5 {[%emt 0:01:51]} e3 {[%emt 0:03:47]} 22. Bg3 {[%emt 0:00:57]} f4 {[%emt 0:01:49]} 23. Rf1 {[%emt 0:06:05]} Qh6 {[%emt 0:02:47]} 24. Bg4 {[%emt 0:00:53]} Nf6 {[%emt 0:01:24]} 0-1

[Event "32nd GER-ch Seniors-65 2020"]
[Site "Magdeburg"]
[Date "2020.08.14"]
[Round "1.10"]
[White "Willin, Bernhard"]
[Black "Rosen, Willy"]
[Result "0-1"]
[WhiteElo "1872"]
[BlackElo "2165"]
[Annotator "ChessBase"]
[PlyCount "148"]
[EventDate "2020.08.14"]
[EventType "swiss"]
[EventCountry "GER"]
[SourceTitle "playchess.com"]
[Source "ChessBase"]
[SourceQuality "1"]
[TimeControl "40/5400+30:1800+30"]

1. d4 {[%emt 0:00:00]} Nf6 {[%emt 0:00:00]} 2. c4 {[%emt 0:00:12]} e6 {[%emt 0:00:19]} 3. g3 {[%emt 0:00:14]} Bb4+ {[%emt 0:00:19]} 4. Bd2 {[%emt 0:00:51]} Qe7 {[%emt 0:00:12]} 5. Bg2 {[%emt 0:00:36]} O-O {[%emt 0:01:54]} 6. a3 {[%emt 0:06:27]} Bxd2+ {[%emt 0:00:13]} 7. Qxd2 {[%emt 0:00:21]} d6 {[%emt 0:00:20]} 8. Nc3 {[%emt 0:00:25]} e5 {[%emt 0:00:53]} 9. d5 {[%emt 0:03:36]} a5 {[%emt 0:01:26]} 10. e4 {[%emt 0:01:59]} Na6 {[%emt 0:00:39]} 11. Nf3 {[%emt 0:01:38]} Nc5 {[%emt 0:00:15]} 12. Qc2 {[%emt 0:00:37]} a4 {[%emt 0:00:16]} 13. Nd2 {[%emt 0:04:06]} Bd7 {[%emt 0:04:48]} 14. O-O {[%emt 0:00:32]} g6 {[%emt 0:02:24]} 15. Rfe1 {[%emt 0:11:41]} Nh5 {[%emt 0:01:35]} 16. Rad1 {[%emt 0:11:18]} Kh8 {[%emt 0:07:18]} 17. Ne2 {[%emt 0:07:30]} f5 {[%emt 0:12:01]} 18. Nc1 {[%emt 0:07:53]} f4 {[%emt 0:06:43]} 19. Nd3 {[%emt 0:00:54]} Rf7 {[%emt 0:12:59]} 20. Nxc5 {[%emt 0:01:11]} dxc5 {[%emt 0:00:02]} 21. Nf3 {[%emt 0:01:07]} g5 {[%emt 0:01:29]} 22. Rd2 {[%emt 0:02:18]} g4 {[%emt 0:03:27]} 23. Nh4 {[%emt 0:00:36]} Ng7 {[%emt 0:00:17]} 24. Red1 {[%emt 0:03:26]} Ne8 {[%emt 0:00:21]} 25. Bf1 {[%emt 0:02:51]} Nd6 {[%emt 0:02:22]} 26. Rc1 {[%emt 0:00:44]} f3 {[%emt 0:01:24]} 27. Bd3 {[%emt 0:02:01]} Qg5 {[%emt 0:02:08]} 28. Rdd1 {[%emt 0:01:21]} Rf6 {[%emt 0:00:28]} 29. Qd2 {[%emt 0:00:12]} h6 {[%emt 0:06:46]} 30. Kf1 {[%emt 0:01:47]} Ra6 {[%emt 0:00:24]} 31. Rc2 {[%emt 0:02:27]} Qxd2 {[%emt 0:01:11]} 32. Rdxd2 {[%emt 0:01:01]} Be8 {[%emt 0:01:33]} 33. Rc3 {[%emt 0:00:34]} Bg6 {[%emt 0:01:07]} 34. Nxg6+ {[%emt 0:01:07]} Rxg6 {[%emt 0:00:02]} 35. Kg1 {[%emt 0:07:02]} Nf7 {[%emt 0:02:20]} 36. Bf1 {[%emt 0:00:39]} Ng5 {[%emt 0:00:18]} 37. Re3 {[%emt 0:00:23]} Rab6 {[%emt 0:00:16]} 38. Rc2 {[%emt 0:01:41]} h5 {[%emt 0:00:31]} 39. Rd2 {[%emt 0:00:33]} Rb3 {[%emt 0:02:19]} 40. Rxb3 {[%emt 0:00:09]} axb3 {[%emt 0:00:02]} 41. Bd3 {[%emt 0:30:46]} Nf7 {[%emt 0:31:58]} 42. Rd1 {[%emt 0:00:20]} Rb6 {[%emt 0:00:44]} 43. Rc1 {[%emt 0:00:09]} Nd6 {[%emt 0:00:46]} 44. Rc3 {[%emt 0:00:14]} Kg7 {[%emt 0:00:22]} 45. Rc1 {[%emt 0:00:28]} Kf7 {[%emt 0:00:13]} 46. Kf1 {[%emt 0:00:04]} Ke7 {[%emt 0:00:19]} 47. Ke1 {[%emt 0:00:03]} Kd7 {[%emt 0:00:56]} 48. Kd2 {[%emt 0:00:15]} Nf7 {[%emt 0:00:54]} 49. Ke3 {[%emt 0:00:38]} Ng5 {[%emt 0:01:10]} 50. Rc3 {[%emt 0:00:28]} Kc8 {[%emt 0:00:19]} 51. Rc1 {[%emt 0:01:09]} Kb8 {[%emt 0:00:26]} 52. Rh1 {[%emt 0:01:02]} Ra6 {[%emt 0:01:47]} 53. Rc1 {[%emt 0:00:41]} Ka7 {[%emt 0:00:43]} 54. Rc3 {[%emt 0:00:03]} Rb6 {[%emt 0:00:18]} 55. Bf1 {[%emt 0:00:11]} Ka6 {[%emt 0:00:20]} 56. Bd3 {[%emt 0:00:31]} Ka5 {[%emt 0:00:10]} 57. Bf1 {[%emt 0:00:12]} Ka4 {[%emt 0:00:06]} 58. Bd3 {[%emt 0:00:29]} Rh6 {[%emt 0:00:20]} 59. Rc1 {[%emt 0:00:33]} h4 {[%emt 0:01:33]} 60. Bb1 {[%emt 0:00:24]} hxg3 {[%emt 0:00:54]} 61. fxg3 {[%emt 0:00:30]} Rxh2 {[%emt 0:00:40]} 62. Rf1 {[%emt 0:00:00]} Nh3 {[%emt 0:00:57]} 63. Bd3 {[%emt 0:00:00]} Rg2 {[%emt 0:00:48]} 64. Bb1 {[%emt 0:00:28]} Rg1 {[%emt 0:00:47]} 65. Bd3 {[%emt 0:00:12]} Rxf1 {[%emt 0:00:29]} 66. Bxf1 {[%emt 0:00:02]} Ng5 {[%emt 0:00:17]} 67. Bd3 {[%emt 0:00:40]} Nf7 {[%emt 0:00:08]} 68. Kd2 {[%emt 0:00:14]} Nd6 {[%emt 0:00:42]} 69. Kc3 {[%emt 0:00:22]} b6 {[%emt 0:01:10]} 70. Kd2 {[%emt 0:00:31]} b5 {[%emt 0:00:15]} 71. cxb5 {[%emt 0:00:54]} c4 {[%emt 0:00:12]} 72. Bb1 {[%emt 0:02:35]} Nxb5 {[%emt 0:00:58]} 73. Ke3 {[%emt 0:01:06]} c3 {[%emt 0:00:31]} 74. bxc3 {[%emt 0:00:23]} Nxc3 {[%emt 0:00:10]} 0-1